Ο Ελληνισμός στην Ανατολή : πρακτικά Α' Διεθνούς Αρχαιολογικού Συνεδρίου, Δελφοί, 6-9 Νοεμβρίου 1986
Αποθηκεύτηκε σε:
| Συγγραφή απο Οργανισμό/Αρχή: | |
|---|---|
| Μορφή: | Βιβλίο |
| Γλώσσα: | English French German Greek |
| Δημοσίευση: |
Αθήνα :
Ευρωπαϊκό Πολιτιστικό Κέντρο Δελφών,
1991
|
| Θέματα: | |
| Ετικέτες: |
Προσθήκη ετικέτας
Δεν υπάρχουν, Καταχωρήστε ετικέτα πρώτοι!
|
MARC
| LEADER | 00000cam a2200000 i 4500 | ||
|---|---|---|---|
| 001 | 1/6795 | ||
| 008 | 100421s1991 eng d | ||
| 035 | |l 10107638 | ||
| 040 | |a GR-MY-UA |b gre |e aacr | ||
| 041 | 0 | |a eng |a fre |a ger |a gre | |
| 082 | 0 | |a 938 |2 (22) | |
| 110 | 2 | |a Ευρωπαϊκό Πολιτιστικό Κέντρο Δελφών. | |
| 245 | 1 | 2 | |a Ο Ελληνισμός στην Ανατολή : |b πρακτικά Α' Διεθνούς Αρχαιολογικού Συνεδρίου, Δελφοί, 6-9 Νοεμβρίου 1986 / |c Ευρωπαϊκό Πολιτιστικό Κέντρο Δελφών |
| 260 | |a Αθήνα : |b Ευρωπαϊκό Πολιτιστικό Κέντρο Δελφών, |c 1991 | ||
| 300 | |a 491 σ.; |b εικ., χάρτες; |c 24 εκ. | ||
| 504 | |a Περιέχει βιβλιογραφικές παραπομπές | ||
| 650 | 0 | 0 | |a Civilization, Greco-Roman |x Congresses. |
| 650 | 0 | 0 | |a Greeks |z Middle East |x Congresses. |
| 650 | 0 | 0 | |a Hellenism |x Congresses. |
| 651 | 0 | |a Middle East |x Antiquities |x Congresses. | |
| 651 | 0 | |a Middle East |x Civilization |x Greek influences |x Congresses. | |
| 852 | |a INST |b LESVOS |e 20100421 |h 938 ΕΥΡ |p 005100047096 |q 005100047096 |t BK |y 0 | ||
| 901 | |a BIBL1-2010-1 | ||
| 909 | |a Λ |b 163141 | ||
| 970 | |a ΚΑΡΑ |b ΓΙΑΣΕΜΗ |z 2010/04/21 | ||